| 000 | 01390cam a22003978a 4500 | ||
|---|---|---|---|
| 001 | 15882926 | ||
| 003 | OSt | ||
| 005 | 20140310182521.0 | ||
| 008 | 090825s2010 enk 001 0 eng | ||
| 010 | _a 2009035145 | ||
| 020 | _a9781405192200 | ||
| 035 | _a(DNLM)101513882 | ||
| 040 |
_aDNLM/DLC _cDLC _dDLC |
||
| 042 | _apcc | ||
| 050 | 0 | 0 |
_aR 896.5 _b.R33 2010 |
| 060 | 1 | 0 |
_aWN 180 _bR12885 2010 |
| 082 | 0 | 0 | _a616.07/54 |
| 100 |
_aRajat Chowdhury _99332 |
||
| 245 | 0 | 0 |
_aRadiology at a glance / _cRajat Chowdhury ... [et al.]. |
| 260 |
_aChichester, West Sussex ; _aHoboken, NJ : _bJohn Wiley, _c2010. |
||
| 263 | _a1003 | ||
| 300 |
_ap. ; _ccm. |
||
| 490 | 1 | _aAt a glance series | |
| 500 | _aIncludes index. | ||
| 650 | 0 |
_aRadiology, Medical _vOutlines, syllabi, etc. _99333 |
|
| 650 | 1 | 2 |
_aDiagnostic Imaging. _98008 |
| 700 | 1 |
_aChowdhury, Rajat. _99334 |
|
| 830 | 0 |
_aAt a glance series (Oxford, England) _99335 |
|
| 856 | 4 | 2 |
_3Contributor biographical information _uhttp://www.loc.gov/catdir/enhancements/fy1008/2009035145-b.html |
| 856 | 4 | 2 |
_3Publisher description _uhttp://www.loc.gov/catdir/enhancements/fy1008/2009035145-d.html |
| 856 | 4 | 1 |
_3Table of contents only _uhttp://www.loc.gov/catdir/enhancements/fy1008/2009035145-t.html |
| 906 |
_a7 _brix _corignew _d1 _eecip _f20 _gy-gencatlg |
||
| 942 |
_2lcc _cSSLC |
||
| 999 |
_c14015 _d14015 |
||